Missing Word: Summer Songs Quiz Stats

Quiz Updated Oct 27, 2016

Challenge
Share
Tweet
Embed
Score 0/22 Timer 03:00
0 Plays Today
Title Missing Word % Correct
All Summer _____Long
88.2%
One Summer _____Night
83%
Those ____ Hazy Crazy Days Of SummerLazy
76.9%
____ Fun In The SummertimeHot
74.1%
Summer In The ____City
73.9%
Summer _____Love
71.9%
Summer Of _____'69
61.2%
_____ Of SummerBoys
60.1%
Summer ______Nights
59.4%
Summertime, _______Summertime
53%
Summertime _____Blues
50.3%
Title Missing Word % Correct
____ The SummertimeIn
50.2%
Summer _____Breeze
44.7%
_____ Last SummerSuddenly
42.9%
Summer Means _____Fun
39.7%
Theme From 'A Summer ____'Place
38.2%
______ SummerCruel
34.7%
____ for the SummerCool
26.3%
Summer ____Wind
23.4%
A Summer _____Song
22.4%
______ Summer NightsEndless
11.2%
______ And SummertimeSunshine
10.1%

Today's Daily Dose

Word Ladder
Summertime

On This Day
June 23rd II

You're not logged in!

Compare scores with friends on all Sporcle quizzes.
Join for Free
OR
Log In

You Might Also Like...

Show Comments

Extras

Top Quizzes Today


Score Distribution

Your Account Isn't Verified!

In order to create a playlist on Sporcle, you need to verify the email address you used during registration. Go to your Sporcle Settings to finish the process.

Report this User

Report this user for behavior that violates our Community Guidelines.

Details: